000 01509cam a22004217a 4500
003 CHAP
005 20220329142245.0
008 000330d2000 mx r 00110 spa d
010 _a80642
011 _a81614
035 _a92088
040 _cCHAP
090 _aTesis
100 0 0 _aAnaya Caballero, Dulce Carolina.
_95498
245 1 0 _aEstudio integral del valle de Tehuacán, Puebla-Cuicatlán, Oaxaca
_c/por Dulce Carolina Anaya Caballero y Gricelda Valera Venegas
260 _aChapingo, Méx. :
_bEl autor,
_c2000.
300 _a137 p. :
_banexo
502 _aTesis (Ing. Forestal) -- UACH. División de Ciencias Forestales
590 _aALEPH
_b10
_c20130110
_lUCH01
_h1434
590 _aBATCH-UPD
_b10
_c20130110
_lUCH01
_h0323
590 _aBATCH-UPD
_b10
_c20130110
_lUCH01
_h1851
590 _aBATCH-UPD
_b10
_c20130409
_lUCH01
_h2356
590 _aBATCH-UPD
_b10
_c20130913
_lUCH01
_h2135
590 _aCONVERSION
_b10
_c20130109
_lUCH01
_h1345
650 1 4 _aAgricultura
_xOaxaca.
_91756
650 1 4 _aAgricultura
_xPuebla.
_91775
650 1 4 _aAgroforestería
_xOaxaca.
_92165
650 1 4 _aAgroforestería
_xPuebla.
_92167
650 1 4 _aBotánica
_xPuebla.
_914608
650 1 4 _aBotánica
_zOaxaca.
_914644
650 1 4 _aRecursos naturales
_xUtilización.
_995321
700 0 _aValera Venegas, Gricelda.
_9117524
901 _aBK
905 _aLilia Sánchez G.
942 _cFOLL
949 _bBC
_cTES
_d33724000753380
_eTS2
_fc.2
_h36112
_i92088
_si
949 _bBC
_cTES
_d920881
_eTS1
_h36111
_i92088
_sb
999 _c80642
_d80642